000 01575nam a2200229Ia 4500
999 _c46160
_d46160
001 12992
003 GE_BSU
005 20240813170604.0
008 181216s2010||||ge |||||||||||||| ||geo||
020 _a9789941131844
040 _cGE_BSU
041 _ageo
080 _a326.111(479.22) თ-40
245 _aთბილისი ცვლილებების ხანაში :
_bურბანული სივრცისა და ქალაქდაგეგმარების სოციალურ–კულტურული განზომილებანი = Tbilisi in Times of Change:socio-cultural dimentions of urban space and urban planning /
_c შემდგენელი : იოსებ სალუქვაძე ; ივანე ჯავახიშვილის სახელობის თბილისის სახელმწიფო უნივერსიტეტი.
264 _aთბილისი :
_bთბილისის სახ.უნ-ტი,
_c2010.
300 _a262 გვ. ;
_c25 სმ.
653 _aთბილისი ცვლილებების ხანაში
653 _aთბილისის დაგეგმარება
700 _aსალუქვაძე, იოსებ
_eშემდგენელი
_923078
710 _aივანე ჯავახიშვილის სახელობის თბილისის სახელმწიფო უნივერსიტეტი
_923079
942 _cBK
_2udc